<?xml version="1.0" encoding="UTF-8"?>
<record
    xmlns:xsi="http://www.w3.org/2001/XMLSchema-instance"
    xsi:schemaLocation="http://www.loc.gov/MARC21/slim http://www.loc.gov/standards/marcxml/schema/MARC21slim.xsd"
    xmlns="http://www.loc.gov/MARC21/slim">

  <leader>01310ngm a22002657a 4500</leader>
  <datafield tag="999" ind1=" " ind2=" ">
    <subfield code="c">6923</subfield>
    <subfield code="d">6923</subfield>
  </datafield>
  <controlfield tag="003">OSt</controlfield>
  <controlfield tag="005">20260515062531.0</controlfield>
  <controlfield tag="008">160325s2005    spc||| |     ||   v|cat|d</controlfield>
  <datafield tag="040" ind1=" " ind2=" ">
    <subfield code="b">cat</subfield>
    <subfield code="c">CDMR</subfield>
  </datafield>
  <datafield tag="130" ind1="0" ind2=" ">
    <subfield code="a">Dies de transici&#xF3; (Programa de televisi&#xF3;).</subfield>
    <subfield code="k">Seleccions</subfield>
  </datafield>
  <datafield tag="245" ind1="1" ind2="4">
    <subfield code="a">El 'Cas Huertas' i la lluita per la llibertat d'expressi&#xF3;</subfield>
    <subfield code="h">[Enregistrament de v&#xED;deo] </subfield>
    <subfield code="c">[producci&#xF3;]: Televisi&#xF3; de Catalunya ; gui&#xF3; i realitzaci&#xF3;: F&#xFA;lvia Nicol&#xE0;s, Joan Pavia ; direcci&#xF3;: Francesc Escribano</subfield>
  </datafield>
  <datafield tag="260" ind1=" " ind2=" ">
    <subfield code="a">[Barcelona] :</subfield>
    <subfield code="b">Televisi&#xF3; de Catalunya :</subfield>
    <subfield code="b">Enciclop&#xE8;dia Catalana :</subfield>
    <subfield code="b">El Peri&#xF3;dico de Catalunya,</subfield>
    <subfield code="c">DL 2005</subfield>
  </datafield>
  <datafield tag="300" ind1=" " ind2=" ">
    <subfield code="a">1 videodisc (DVD) (35 min) :</subfield>
    <subfield code="b">col. (Pal)</subfield>
  </datafield>
  <datafield tag="500" ind1=" " ind2=" ">
    <subfield code="a">Producci&#xF3;: Ruth Casanovas, Toni Galobardes ; fotografia: Walter Ojeda ; documentaci&#xF3; i recerca: N&#xFA;ria Borniquel, N&#xFA;ria Roca</subfield>
  </datafield>
  <datafield tag="500" ind1=" " ind2=" ">
    <subfield code="a">Pa&#xED;s i any de producci&#xF3;: Catalunya, 2004</subfield>
  </datafield>
  <datafield tag="600" ind1="1" ind2="7">
    <subfield code="a">Huertas, Josep Maria</subfield>
    <subfield code="d">1939-2007&#x200F;</subfield>
    <subfield code="q">(Josep Maria),</subfield>
    <subfield code="2"></subfield>
    <subfield code="9">28</subfield>
  </datafield>
  <datafield tag="650" ind1=" " ind2="0">
    <subfield code="a">Llibertat d'expressi&#xF3;</subfield>
    <subfield code="z">Catalunya</subfield>
    <subfield code="y">S. XX</subfield>
    <subfield code="9">3073</subfield>
  </datafield>
  <datafield tag="650" ind1="0" ind2="4">
    <subfield code="a">Presos pol&#xED;tics</subfield>
    <subfield code="z">Catalunya</subfield>
    <subfield code="y">1975-1977</subfield>
  </datafield>
  <datafield tag="651" ind1=" " ind2="4">
    <subfield code="a">Espanya</subfield>
    <subfield code="x">Hist&#xF2;ria</subfield>
    <subfield code="y">1975-1977, Transici&#xF3; a la democr&#xE0;cia</subfield>
  </datafield>
  <datafield tag="655" ind1=" " ind2="4">
    <subfield code="a">Programes hist&#xF2;rics (Televisi&#xF3;)</subfield>
    <subfield code="z">Catalunya</subfield>
  </datafield>
  <datafield tag="700" ind1="1" ind2=" ">
    <subfield code="a">Escribano, Francesc,</subfield>
  </datafield>
  <datafield tag="700" ind1="1" ind2=" ">
    <subfield code="a">Pavia, Joan</subfield>
  </datafield>
  <datafield tag="700" ind1="1" ind2=" ">
    <subfield code="a">Nicol&#xE0;s, F&#xFA;lvia</subfield>
  </datafield>
  <datafield tag="942" ind1=" " ind2=" ">
    <subfield code="c">ADV</subfield>
    <subfield code="2">udc</subfield>
  </datafield>
  <datafield tag="952" ind1=" " ind2=" ">
    <subfield code="0">0</subfield>
    <subfield code="1">0</subfield>
    <subfield code="4">0</subfield>
    <subfield code="7">1</subfield>
    <subfield code="a">CDMR</subfield>
    <subfield code="b">CDMR</subfield>
    <subfield code="d">2016-03-26</subfield>
    <subfield code="e">Donaci&#xF3;</subfield>
    <subfield code="l">0</subfield>
    <subfield code="o">Du 7/45</subfield>
    <subfield code="p">CDMR16030010</subfield>
    <subfield code="r">2016-03-26</subfield>
    <subfield code="w">2016-03-26</subfield>
    <subfield code="y">ADV</subfield>
  </datafield>
</record>
